000 00728nam a2200181 a 4500
008 081125s2007 ||||||||||||||||| || u
020 _a9781933115382
050 _aSD 391 Neg
100 _aGuijt, Irene
245 1 0 _aNegotiated learning: collaborative monitoring in forest resource management
_cedited by Irene Guijt
260 _aWashington, DC.
_bResources for the Future Press
_c2007
300 _axiii,167p.; ill.
350 _a0.00
650 _aFORESTRY
650 _aFORSET MANAGEMENT--CASE STUDIES
650 _aFOREST MONITORING--CASE STUDIES
995 _D0.00
_FCBU-MAIN LIBRARY (Kitwe)
_H1
_I0.00
_M1
_UAVAILABLE
_WNov 25, 2008
_ZAnnex Low-Usage Collection
999 _c52047
_d52047